000 00913nam a2200241 a 4500
001 000021384
003 DO-SdBNP
005 20220324135508.0
007 ta
008 100907s2008 dr a r 000 0 spa d
040 _aDO-SdBNP
_bspa
_cBNPHU
082 4 _a637.1
_bS612L
_222
111 1 _aSimposio Agronómico
_n(5 :
_d2007 :
_cSanto Domingo)
_944639
245 1 0 _aLecherías :
_bproducción y competitividad.
260 _aSanto Domingo :
_bInstituto Politécnico Loyola,
_c2008.
300 _a195 p. :
_bil., graf. ;
_c23 cm.
590 _aInventariado, 2018/BT
650 4 _aIndustria lechera
_zRepública Dominicana
_xCongresos, conferencias, etc.
_944640
650 4 _aGanado lechero
_zRepública Dominicana
_xCongresos, conferencias, etc.
_944641
650 4 _aProductos lacteos
_zRepública Dominicana
_xCongresos, conferencias, etc.
_944642
910 _aValidado. Control de calidad. MFF
942 _2ddc
_cLBS1
999 _c20884
_d20884